书目信息 |
| 题名: |
改变公司的员工在哪里
|
|
| 作者: | 川上真史 著 ;李华 译 | |
| 分册: | ||
| 出版信息: | 北京 中国铁道出版社 2006.01 |
|
| 页数: | 101页 | |
| 开本: | 24cm | |
| 丛书名: | 中铁博文 | |
| 单 册: | ||
| 中图分类: | F279.313.3 | |
| 科图分类: | ||
| 主题词: | 企业管理--qi ye guan li--人事管理--经验--日本 | |
| 电子资源: | ||
| ISBN: | 7-113-06850-2 | |
| 000 | 01171nam 2200289 450 | |
| 001 | 012008467920 | |
| 005 | 20080504105714.24 | |
| 010 | @a7-113-06850-2@dCNY20.00 | |
| 100 | @a20080430d2006 em y0chiy0120 ea | |
| 101 | 1 | @achi@cjpn |
| 102 | @aCN@b110000 | |
| 105 | @aa z 000yy | |
| 106 | @ar | |
| 200 | 1 | @a改变公司的员工在哪里@Agai bian gong si de yuan gong zai na li@d= Who pushes the engine@e寻找公司发动机@f(日) 川上真史著@F(ri)chuan shang zhen shi zhu@g李华译@Gli hua yi@zeng |
| 210 | @a北京@c中国铁道出版社@d2006.01 | |
| 215 | @a101页@c图@d24cm | |
| 225 | 2 | @a中铁博文@Azhong tie bo wen |
| 330 | @a本书以能力为中心阐述了如何培养人才,怎么让人才发挥各自的能力,企业怎么做才能摆脱危机。介绍了错误的绩效考核使企业和个人丧失前途、以绩效的概念来抓目标、提高自己的市场价值等内容。 | |
| 410 | 0 | @12001 @a中铁博文 |
| 510 | 1 | @aWho pushes the engine@zeng |
| 517 | 1 | @a寻找公司发动机@Axun zhao gong si fa dong ji |
| 606 | 0 | @a企业管理@Aqi ye guan li@x人事管理@x经验@y日本 |
| 690 | @aF279.313.3@v4 | |
| 701 | 0 | @a川上真史@Achuan shang zhen shi@4著 |
| 702 | 0 | @a李华@Ali hua@4译 |
| 801 | 0 | @aCN@bQSSK@c20080504 |
| 905 | @b299553-54@dF279.313.3@eC911@f2 | |
| 改变公司的员工在哪里= Who pushes the engine:寻找公司发动机/(日) 川上真史著/李华译.-北京:中国铁道出版社,2006.01 |
| 101页:图;24cm.-(中铁博文) |
| ISBN 7-113-06850-2:CNY20.00 |
| 本书以能力为中心阐述了如何培养人才,怎么让人才发挥各自的能力,企业怎么做才能摆脱危机。介绍了错误的绩效考核使企业和个人丧失前途、以绩效的概念来抓目标、提高自己的市场价值等内容。 |
| ● |
| 相关链接 |
|
|
|
正题名:改变公司的员工在哪里
索取号:F279.313.3/C911
 
预约/预借
| 序号 | 登录号 | 条形码 | 馆藏地/架位号 | 状态 | 备注 |
| 1 | 299553 | 202995535 | 社科库409/409社科库 101排6列3层/ [索取号:F279.313.3/C911] | 在馆 | |
| 2 | 299554 | 202995544 | 社科库409/409社科库 101排6列3层/ [索取号:F279.313.3/C911] | 在馆 |